000 00539nam a2200205Ia 4500
005 20250508164429.0
008 008 250505s9999 xx 000 0 hin d
020 _a81-7178-571-9
037 _aTextual
040 _aFEDL
_beng
_cFEDL
041 _ahin
_2eng
084 _a891.433, MAI
_qFEDL
100 _aMaitreyee Pushpa
_9406341
245 0 _aChaak
260 _aNew Delhi, India
_bRajkamal Prakashan
_c2004
300 _a435p
365 _aINR
_b300
942 _cTEXL
_h891.433, MAI
999 _c1389094
_d1389094